[Event "Ann Arbor (Month Long Swiss/4/5)"]
[Site "?"]
[Date "1996.??.??"]
[Round "?"]
[White "Smalec, Joseph"]
[Black "Caldwell, B."]
[Result "0-1"]
[WhiteElo "1605"]
[BlackElo "1605"]
[PlyCount "38"]
[EventDate "1996.??.??"]

{4/(5)} 1. d4 d5 2. Nc3 Bf5 3. Bf4 Nf6 4. Nf3 Nc6 5. e3 a6 6. Bd3 Bxd3 7. Qxd3
e6 8. a3 Bd6 9. O-O Bxf4 10. exf4 Qd6 11. Ne5 O-O 12. Nxc6 bxc6 13. f5 Ng4 14.
g3 Nh6 15. fxe6 Qxe6 16. Rae1 Qh3 17. Re7 Ng4 18. Rd1 Qxh2+ 19. Kf1 Qxf2# 0-1

[Event "Lansing (MOR/1b/11)"]
[Site "?"]
[Date "1996.??.??"]
[Round "?"]
[White "Smalec, Joseph"]
[Black "Boldrick, Thomas"]
[Result "0-1"]
[WhiteElo "1605"]
[BlackElo "1650"]
[PlyCount "38"]
[EventDate "1996.??.??"]

1. d4 Nf6 2. Nc3 g6 3. Nf3 Bg7 4. e4 d6 5. Bf4 Nbd7 6. Bb5 a6 7. e5 axb5 8.
exf6 Nxf6 9. Nxb5 O-O 10. Nc3 b6 11. O-O Bb7 12. Re1 Re8 13. Re3 c5 14. dxc5
bxc5 15. Qd2 Nh5 16. Re2 Qb6 17. b3 Bxf3 18. gxf3 Nxf4 19. Qxf4 Bxc3 0-1

[Event "Cadillac Open/5/20"]
[Site "?"]
[Date "1996.??.??"]
[Round "?"]
[White "Smalec, Joseph"]
[Black "Bezak, C."]
[Result "0-1"]
[WhiteElo "1605"]
[BlackElo "1605"]
[PlyCount "62"]
[EventDate "1996.??.??"]

{5/20} 1. e4 e6 2. d4 d5 3. exd5 exd5 4. Nf3 Nc6 5. Nbd2 Bg4 6. b3 Bxf3 7. Nxf3
Nf6 8. Bb2 Bd6 9. Bb5 O-O 10. Bxc6 bxc6 11. O-O c5 12. Ba3 cxd4 13. Bxd6 Qxd6
14. Qxd4 c5 15. Qd3 Rac8 16. c4 Rfd8 17. cxd5 Qxd5 18. Qc2 c4 19. bxc4 Rxc4 20.
Qb3 Qc5 21. Ne5 Rf4 22. Qxf7+ Kh8 23. Rad1 Rxd1 24. Nd3 Rxd3 25. Kh1 Rxf2 26.
Rb1 Rd8 27. h3 Rf8 28. Qb7 h6 29. Rb5 Rf1+ 30. Kh2 Qd6+ 31. g3 Qd2+ 0-1

[Event "Cadillac Open/1b/12"]
[Site "?"]
[Date "1996.??.??"]
[Round "?"]
[White "Smalec, John"]
[Black "Wright, R."]
[Result "1-0"]
[WhiteElo "1700"]
[BlackElo "1605"]
[PlyCount "65"]
[EventDate "1996.??.??"]

1. e4 c5 2. Nf3 d6 3. Bb5+ Bd7 4. Bxd7+ Nxd7 5. O-O Ngf6 6. Re1 e6 7. d4 cxd4
8. Qxd4 Qc7 9. Nc3 a6 10. Bg5 e5 11. Qd2 Be7 12. Rad1 Rd8 13. Re2 Nb6 14. Qc1
O-O 15. Bxf6 Bxf6 16. Nd5 Nxd5 17. Rxd5 Rd7 18. Qd1 Rfd8 19. Red2 g6 20. c3 Bg7
21. Ng5 Bf8 22. R2d3 h6 23. Nh3 Qc4 24. Qg4 Qxa2 25. Qe2 Rc7 26. f4 Rc4 27.
fxe5 Re8 28. Rf3 Rxe5 29. Rxe5 dxe5 30. Qd3 Bc5+ 31. Kh1 Qa4 32. Qd8+ Bf8 33.
Qf6 {[Remainder illegible; 1-0, 60?]} 1-0

[Event "Ann Arbor (Fall Open/1/9)"]
[Site "?"]
[Date "1996.??.??"]
[Round "?"]
[White "Smalec, John"]
[Black "Rosebrook, G."]
[Result "1-0"]
[WhiteElo "1700"]
[BlackElo "1605"]
[PlyCount "59"]
[EventDate "1996.??.??"]

{1/(9)} 1. e4 c5 2. Nf3 e6 3. d4 g6 4. dxc5 Bxc5 5. Bc4 Nc6 6. O-O a6 7. Nc3
Nf6 8. Bh6 Bf8 9. Bxf8 Rxf8 10. Qd2 Qc7 11. Bb3 b5 12. Rad1 Bb7 13. Rfe1 Ne5
14. Nxe5 Qxe5 15. f4 Qc5+ 16. Kh1 O-O-O 17. h3 Nh5 18. Kh2 Rg8 19. h4 Nf6 20.
Qd4 Ng4+ 21. Kg3 Qh5 22. a4 g5 23. Qc5+ Kb8 24. fxg5 Rc8 25. Qd6+ Rc7 26. axb5
Nf6 27. Qf4 Qg6 28. Kh2 h6 29. b6 Ng4+ 30. Qxg4 1-0

[Event "Cadillac Open/3/17"]
[Site "?"]
[Date "1996.??.??"]
[Round "?"]
[White "Smalec, John"]
[Black "Betker, K."]
[Result "1/2-1/2"]
[WhiteElo "1700"]
[BlackElo "1605"]
[PlyCount "112"]
[EventDate "1996.??.??"]

{3/17} 1. e4 e5 2. Nf3 f6 3. Nxe5 Qe7 4. Nf3 Qxe4+ 5. Be2 Be7 6. Nc3 Qc6 7. d4
Bb4 8. Bd2 a6 9. O-O d5 10. Re1 Be6 11. a3 Ba5 12. b4 Bb6 13. a4 Qd7 14. Bd3
Ne7 15. b5 O-O 16. Bf4 Bg4 17. Be2 Nf5 18. a5 Ba7 19. Ra4 axb5 20. Bxb5 c6 21.
Be2 Na6 22. h3 Bxf3 23. Bxf3 Nc7 24. Bg4 g6 25. Ne2 Nb5 26. c3 Rfe8 27. Qd3 Kg7
28. Raa1 Nbd6 29. Ng3 Bb8 30. a6 b5 31. Rxe8 Qxe8 32. Bxd6 Nxd6 33. h4 h5 34.
Bf3 Ra7 35. Ne2 Nf5 36. g3 Qc8 37. Kg2 Rxa6 38. Rxa6 Qxa6 39. Bxh5 Qc8 40. Bf3
Qh8 41. Bg4 Qh7 42. h5 Ne7 43. Qe3 Kf8 44. hxg6 Qxg6 45. Bd7 Ba7 46. Nf4 Qe4+
47. Qxe4 dxe4 48. Ne6+ Kf7 49. Nd8+ Kg6 50. Nxc6 Nxc6 51. Bxc6 b4 52. Bxe4+ f5
53. Bd3 bxc3 54. g4 Bxd4 55. gxf5+ Kg5 56. f3 Kf4 1/2-1/2

[Event "Detroit (MEX/2/9)"]
[Site "?"]
[Date "1996.??.??"]
[Round "?"]
[White "Sloan, Thomas"]
[Black "Koster, Ed"]
[Result "0-1"]
[WhiteElo "2160"]
[BlackElo "2100"]
[PlyCount "44"]
[EventDate "1996.??.??"]

{2/(9)} 1. f4 Nf6 2. Nf3 g6 3. g3 Bg7 4. Bg2 O-O 5. O-O d5 6. d3 c5 7. Qe1 Nc6
8. e4 dxe4 9. dxe4 e5 10. fxe5 Ng4 11. Bg5 Qb6 12. Qc1 Ngxe5 13. Nxe5 Bxe5 14.
Bf6 Nd4 15. Nc3 Bxf6 16. Nd5 Ne2+ 17. Kh1 Nxc1 18. Nxb6 Bxb2 19. Nxa8 Bxa1 20.
e5 Bb2 21. Bd5 Ne2 22. Nc7 Bxe5 0-1

[Event "Lansing (MI Op/1b/17)"]
[Site "?"]
[Date "1996.??.??"]
[Round "?"]
[White "Skidmore, Mike"]
[Black "Zubatch, Steve"]
[Result "0-1"]
[WhiteElo "2020"]
[BlackElo "1800"]
[PlyCount "48"]
[EventDate "1996.??.??"]

1. e4 g6 2. Bc4 Bg7 3. f4 d6 4. Nf3 Nf6 5. d3 d5 6. exd5 Nxd5 7. O-O O-O 8. c3
Nc6 9. d4 Qd6 10. Ne5 Nxe5 11. fxe5 Qd8 12. Qf3 Be6 13. Qe4 c6 14. Nd2 Qc7 15.
Bb3 b5 16. Nf3 h6 17. Qh4 h5 18. Bc2 c5 19. Ng5 Qc8 20. Bxg6 fxg6 21. Qe4 Rxf1+
22. Kxf1 Qf8+ 23. Kg1 Qf5 24. Qh4 Rf8 0-1

[Event "Detroit (Class A/4/2)"]
[Site "?"]
[Date "1996.??.??"]
[Round "?"]
[White "Skidmore, Mike"]
[Black "Wisckol, Richard"]
[Result "1-0"]
[WhiteElo "1935"]
[BlackElo "1860"]
[PlyCount "173"]
[EventDate "1996.??.??"]

{4/(2)} 1. e4 c5 2. Nf3 Nc6 3. Bb5 d6 4. Bxc6+ bxc6 5. O-O g6 6. c3 Bg7 7. d3
e5 8. Ng5 h6 9. Nf3 Nf6 10. h3 O-O 11. c4 Re8 12. Nbd2 a5 13. Qa4 Qb6 14. Nb3
d5 15. Re1 dxe4 16. dxe4 Bd7 17. Bd2 Bf8 18. Nxa5 Bd6 19. Qb3 Reb8 20. Qd3 Qc7
21. Nb3 Bf8 22. Bc3 Qd6 23. Qe3 Rc8 24. Red1 Qb8 25. Nc1 Ra7 26. Nd3 Bd6 27.
Re1 Ra4 28. b3 Ra3 29. Nxc5 Qa7 30. Nxd7 Nxd7 31. Qxa7 Rxa7 32. Red1 Ba3 33.
Ne1 Rb8 34. Nc2 Be7 35. b4 f6 36. a4 Nb6 37. a5 Nxc4 38. Rdb1 Nd6 39. f3 Nb5
40. Be1 Kg7 41. Bf2 Ra6 42. Bb6 Kf7 43. Rd1 Ke6 44. Rd3 Rb7 45. Rad1 Ra8 46.
Kf1 Ra6 47. Ke1 Nd6 48. Rc3 Raxb6 49. axb6 Rxb6 50. Ne3 Nb5 51. Rc4 Na3 52.
Rcc1 Bxb4+ 53. Ke2 Be7 54. Nc4 Nxc4 55. Rxc4 f5 56. exf5+ gxf5 57. g3 h5 58. h4
Rb2+ 59. Rd2 Rxd2+ 60. Kxd2 Kd5 61. Kd3 f4 62. gxf4 Bxh4 63. fxe5 Bg3 64. e6
Kxe6 65. Rxc6+ Kf5 66. Ke2 h4 67. Rh6 Kg5 68. Rh8 Kg6 69. Kf1 Kg7 70. Rh5 Kg6
71. Rb5 Kf6 72. Kg2 Kg6 73. Kh3 Kf6 74. Kg4 Kg6 75. Rb6+ Kh7 76. f4 Kg7 77. Kg5
Kf7 78. f5 h3 79. Rb7+ Ke8 80. Rh7 h2 81. Kg6 Be5 82. f6 Bd6 83. Kf5 Kf8 84.
Ke6 Kg8 85. Rh3 Bc7 86. Ke7 Bb6 87. f7+ 1-0

[Event "Lansing (MI Op/7/15)"]
[Site "?"]
[Date "1996.??.??"]
[Round "?"]
[White "Skidmore, Mike"]
[Black "Williams, Ron"]
[Result "1-0"]
[WhiteElo "2020"]
[BlackElo "1905"]
[PlyCount "69"]
[EventDate "1996.??.??"]

{7/(15)} 1. e4 c5 2. Nf3 Nc6 3. Bb5 g6 4. c3 Bg7 5. O-O a6 6. Bxc6 bxc6 7. d3
e6 8. Be3 d6 9. Re1 Ne7 10. Nbd2 O-O 11. Nf1 a5 12. Qc1 Ba6 13. c4 Rb8 14. Rb1
Qc7 15. Bh6 Rb7 16. Ng3 f6 17. h3 Rfb8 18. Bxg7 Kxg7 19. Re2 e5 20. Nh2 Rb4 21.
Ng4 Ng8 22. f4 Bc8 23. f5 h5 24. Nf2 h4 25. Nf1 g5 26. g3 hxg3 27. Nxg3 Qf7 28.
Ng4 Kf8 29. Rh2 Ba6 30. h4 gxh4 31. Rxh4 Ke7 32. Qd2 a4 33. Qh2 Kd8 34. Rh8 Kc8
35. Nh6 1-0

[Event "Lansing (MI Op/3/19)"]
[Site "?"]
[Date "1996.??.??"]
[Round "?"]
[White "Skidmore, Mike"]
[Black "Vandivier, Don"]
[Result "0-1"]
[WhiteElo "2020"]
[BlackElo "1925"]
[PlyCount "114"]
[EventDate "1996.??.??"]

{3/(19)} 1. e4 e6 2. d4 d5 3. exd5 exd5 4. Bd3 Nf6 5. Nf3 Be7 6. O-O O-O 7. Re1
Nbd7 8. Bg5 Re8 9. c3 Nf8 10. Qc2 Ng6 11. Nbd2 Qd6 12. Ne5 Be6 13. f4 Nf8 14.
f5 Bd7 15. Nxd7 N6xd7 16. Bxe7 Rxe7 17. Nf3 Rae8 18. Qd2 c5 19. dxc5 Nxc5 20.
Rxe7 Rxe7 21. Kf1 Nfd7 22. Rd1 Ne5 23. Nxe5 Qxe5 24. g3 Ne4 25. Qf4 Qxf4+ 26.
gxf4 Kf8 27. Bc2 Nf6 28. Rd4 Ng4 29. Kg1 Re1+ 30. Kg2 Ne3+ 31. Kf2 Nxc2 32. Rd2
Rh1 33. Kg2 Rc1 34. Kf2 b5 35. Ke2 b4 36. Kd3 Ne1+ 37. Ke2 bxc3 38. bxc3 Ng2
39. Kf3 Ne1+ 40. Kf2 Nc2 41. Rxd5 Na3 42. Ra5 Rxc3 43. Rxa7 Rc2+ 44. Kg3 Rxa2
45. h3 Ra1 46. Kh4 Nc2 47. Rc7 Nd4 48. Rc5 Ke7 49. Rc7+ Kf6 50. Kh5 Rh1 51. h4
Nxf5 52. Rc6+ Ke7 53. Rc7+ Kd6 54. Rxf7 Rxh4+ 55. Kg5 Ke6 56. Rxf5 Rh5+ 57.
Kxh5 Kxf5 0-1

[Event "Ann Arbor (HVA/5/1)"]
[Site "?"]
[Date "1996.??.??"]
[Round "?"]
[White "Skidmore, Mike"]
[Black "Rosebrook, G."]
[Result "1-0"]
[WhiteElo "1970"]
[BlackElo "1605"]
[PlyCount "45"]
[EventDate "1996.??.??"]

{5/(1)} 1. e4 c5 2. Nf3 e6 3. c3 g6 4. d4 Nf6 5. Bd3 Be7 6. e5 Nd5 7. Bh6 g5 8.
h4 gxh4 9. Qc2 d6 10. Bxh7 Nb6 11. Bg7 Rxh7 12. Qxh7 Kd7 13. Nbd2 d5 14. dxc5
Na4 15. O-O-O Nxc5 16. Ne4 Nd3+ 17. Rxd3 Qb6 18. Nf6+ Kc6 19. Nd4+ Kc5 20. b4+
Kc4 21. Rf3 Bxb4 22. Qd3+ Kc5 23. Bf8+ 1-0

[Event "Detroit (Class A/2/5)"]
[Site "?"]
[Date "1996.??.??"]
[Round "?"]
[White "Skidmore, Mike"]
[Black "Morris, Jewell"]
[Result "1-0"]
[WhiteElo "1935"]
[BlackElo "1850"]
[PlyCount "73"]
[EventDate "1996.??.??"]

{2/(5)} 1. e4 c5 2. Nf3 d6 3. Bb5+ Bd7 4. Bxd7+ Qxd7 5. O-O Nc6 6. a3 Nf6 7.
Re1 g6 8. d3 Bg7 9. Nbd2 O-O 10. Nf1 Rfd8 11. h3 Ne5 12. Ng3 Rac8 13. Rb1 Qb5
14. c4 Qa5 15. Bd2 Nxf3+ 16. gxf3 Qc7 17. f4 Nd7 18. Qf3 a6 19. Kh1 b5 20. b3
b4 21. Bc1 Qa5 22. Qe2 Nb8 23. Rg1 Nc6 24. Be3 Qc7 25. h4 Qd7 26. f5 h6 27. h5
g5 28. f4 Nd4 29. Qg4 Nc2 30. Bd2 Bd4 31. fxg5 Kh7 32. g6+ fxg6 33. Qxg6+ Kh8
34. Qxh6+ Kg8 35. Ne2+ Kf7 36. Qh7+ Kf6 37. Rg6+ 1-0

[Event "Ann Arbor (HVA/1/1)"]
[Site "?"]
[Date "1996.??.??"]
[Round "?"]
[White "Skidmore, Mike"]
[Black "Moore, Dean"]
[Result "1-0"]
[WhiteElo "1970"]
[BlackElo "1605"]
[PlyCount "37"]
[EventDate "1996.??.??"]

{1/(1)} 1. e4 e5 2. Nf3 d6 3. Bc4 Be6 4. Bxe6 fxe6 5. O-O Nf6 6. c3 Nc6 7. Qb3
Qd7 8. Re1 O-O-O 9. d4 exd4 10. cxd4 e5 11. dxe5 dxe5 12. Nc3 Bb4 13. Bg5 Bxc3
14. Qxc3 Nd4 15. Nxe5 Ne2+ 16. Rxe2 Qb5 17. Rc2 Qb6 18. Bxf6 gxf6 19. Nf7 1-0

[Event "Lansing (MI Op/5/28)"]
[Site "?"]
[Date "1996.??.??"]
[Round "?"]
[White "Skidmore, Mike"]
[Black "Haakonstad, Olaf"]
[Result "1-0"]
[WhiteElo "2020"]
[BlackElo "1800"]
[PlyCount "55"]
[EventDate "1996.??.??"]

{5/(28)} 1. e4 e5 2. Nf3 Nc6 3. Bb5 a6 4. Ba4 Nf6 5. d3 b5 6. Bb3 Be7 7. Ng5 d5
8. exd5 Nd4 9. d6 Nxb3 10. dxe7 Qxe7 11. axb3 Bb7 12. O-O O-O 13. Nc3 b4 14.
Nce4 Nd5 15. Qh5 h6 16. Nf3 f5 17. Ng3 Nf6 18. Qg6 Bc8 19. Nxf5 Bxf5 20. Qxf5
Nd5 21. Qxe5 Qf7 22. Qg3 Rae8 23. Bxh6 Re2 24. Rxa6 Rxc2 25. Rg6 Qxg6 26. Qxg6
Rf7 27. Ng5 Re7 28. Qh7+ 1-0

[Event "Ann Arbor (HVA/3/1)"]
[Site "?"]
[Date "1996.??.??"]
[Round "?"]
[White "Skidmore, Mike"]
[Black "Evans Sr., Thomas"]
[Result "1-0"]
[WhiteElo "1970"]
[BlackElo "1920"]
[PlyCount "130"]
[EventDate "1996.??.??"]

{3/(1)} 1. e4 e6 2. Nf3 d5 3. exd5 exd5 4. d4 Nf6 5. Bd3 c5 6. dxc5 Bxc5 7. O-O
O-O 8. Nc3 Bg4 9. Bg5 Be6 10. Ne2 Nbd7 11. Ng3 Qb6 12. Rb1 Bg4 13. h3 Be6 14.
c3 Qc7 15. Ne2 Ne4 16. Bf4 Qb6 17. Ned4 a5 18. Qc2 Ndf6 19. Nb3 Bd6 20. Bxd6
Qxd6 21. Nbd4 Qf4 22. Nxe6 fxe6 23. Nd4 Rae8 24. Rbd1 Nd7 25. Bb5 Qd6 26. Nf3
Re7 27. Qxe4 Qc5 28. Qe2 Nf6 29. Ne5 Qc7 30. Bd3 g6 31. Ng4 Nh5 32. Qe5 Qxe5
33. Nxe5 Nf4 34. Ng4 e5 35. Rfe1 e4 36. Bc2 h5 37. Ne3 Ref7 38. Bb3 Kg7 39. Rd2
Nd3 40. Rf1 d4 41. cxd4 Rc7 42. Bc2 Nxb2 43. Bxe4 Na4 44. d5 Nc3 45. Bf3 g5 46.
Bxh5 Ne4 47. Rc2 Rd7 48. Bg4 Rdf7 49. Be6 Rf4 50. Rc7+ Kh8 51. Ng4 b5 52. Ne5
R8f6 53. Nf7+ Kg7 54. Nxg5+ Kg6 55. Nxe4 Rxe4 56. Rd1 Re2 57. f3 Rf8 58. d6 Rd8
59. Bf7+ Kf6 60. Bh5 Rxa2 61. d7 Re2 62. Be8 a4 63. Rc8 Ke7 64. Rdc1 Rxd7 65.
Bxd7 Kxd7 1-0

[Event "Detroit (Class extra)"]
[Site "?"]
[Date "1996.??.??"]
[Round "?"]
[White "Skidmore, Mike"]
[Black "Barta, Roger"]
[Result "1-0"]
[WhiteElo "1935"]
[BlackElo "1675"]
[PlyCount "73"]
[EventDate "1996.??.??"]

{1/13} 1. e4 e6 2. d4 d5 3. exd5 exd5 4. Bd3 Bd6 5. Nf3 Nc6 6. O-O Nge7 7. h3
Bf5 8. Re1 Bxd3 9. Qxd3 Qd7 10. c3 f6 11. Nbd2 O-O-O 12. b4 g5 13. a4 Ng6 14.
Nb3 g4 15. Nh2 gxh3 16. Qxh3 Qxh3 17. gxh3 Nf4 18. Bxf4 Bxf4 19. b5 Rhg8+ 20.
Kh1 Bxh2 21. Kxh2 Nb8 22. Re7 Nd7 23. Rxh7 Rde8 24. Rg1 Nb6 25. Rxg8 Rxg8 26.
Nc5 Re8 27. Kg3 Nc4 28. h4 Nd2 29. h5 b6 30. Na6 Ne4+ 31. Kf4 Nxf2 32. Rxc7+
Kd8 33. h6 Ne4 34. Rxa7 Ng5 35. Ra8+ Ke7 36. Rxe8+ Kxe8 37. Nc7+ 1-0

[Event "Detroit (MI Action/3/5)"]
[Site "?"]
[Date "1996.??.??"]
[Round "?"]
[White "Skidmore, Mike"]
[Black "Aldrich, Justin"]
[Result "0-1"]
[WhiteElo "1970"]
[BlackElo "1605"]
[PlyCount "92"]
[EventDate "1996.??.??"]

{3/(5)} 1. e4 e5 2. Nf3 d6 3. Bc4 Bg4 4. h3 Bh5 5. d3 Be7 6. c3 Nc6 7. Nbd2 Bg5
8. Nf1 Bxc1 9. Rxc1 Nge7 10. Ng3 Bg6 11. O-O O-O 12. a3 a6 13. Nh4 h6 14. Nxg6
Nxg6 15. Qg4 Nce7 16. Rcd1 Qc8 17. Qh5 Nf4 18. Qh4 Neg6 19. Qg4 Qxg4 20. hxg4
Nh4 21. f3 Nhxg2 22. Rf2 Ne3 23. Rdd2 Nh3+ 24. Kh2 Nxf2 25. Rxf2 Nxc4 26. dxc4
c6 27. Nf5 Rad8 28. Rd2 Kh7 29. Nxd6 c5 30. Rd5 Rd7 31. b4 b6 32. b5 f6 33.
bxa6 Ra7 34. Nb5 Rxa6 35. Rd7 Rb8 36. Kg3 Ra4 37. Nd6 Rxa3 38. Nf5 Rg8 39. Rb7
Rxc3 40. Rxb6 Rxc4 41. Rb7 Kg6 42. Ne7+ Kh7 43. Nd5 Rf8 44. Ne3 Rc1 45. Nf5 Rg8
46. Rc7 c4 0-1

[Event "Kalamazoo (MI Am/4/6)"]
[Site "?"]
[Date "1996.??.??"]
[Round "?"]
[White "Skidmore, Jennifer"]
[Black "Stark, Jay"]
[Result "1/2-1/2"]
[WhiteElo "1905"]
[BlackElo "1605"]
[PlyCount "112"]
[EventDate "1996.??.??"]

{4/(6)} 1. e4 c5 2. Nc3 e6 3. f4 d6 4. Bb5+ Nd7 5. Nf3 a6 6. Bxd7+ Bxd7 7. O-O
Nf6 8. d3 Be7 9. b3 Qc7 10. Qe1 O-O-O 11. h3 Bc6 12. Bd2 d5 13. Ng5 Bf8 14. e5
Ne8 15. Na4 Bxa4 16. bxa4 h6 17. Nf3 Qc6 18. a5 Nc7 19. Rb1 Rd7 20. Rb2 Na8 21.
Qe2 Be7 22. Rfb1 Rhd8 23. c3 Rc7 24. Kh2 Rdd7 25. g4 g6 26. d4 c4 27. Qd1 Rd8
28. Bc1 Kb8 29. Qc2 Qd7 30. Kg2 Ba3 31. Rxb7+ Rxb7 32. Bxa3 Rxb1 33. Bd6+ Kc8
34. Qxb1 Qb5 35. Qc2 Rg8 36. Bb4 Qd7 37. Kf2 Nc7 38. Nh4 Qd8 39. Ng2 Qd7 40.
Ne3 Qd8 41. Ng2 Qd7 42. Ne3 Qd8 43. Kg3 Ne8 44. Nd1 h5 45. g5 Nc7 46. Nb2 Kb7
47. Na4 Na8 48. Qb2 Qe8 49. Bd6+ Qb5 50. Nc5+ Kc6 51. Qa3 Nc7 52. Bxc7 Kxc7 53.
h4 Kc8 54. Na4 Kb7 55. Nb6 Qb1 56. Qc5 Qd3+ 1/2-1/2

[Event "Detroit (MI Women/2/1)"]
[Site "?"]
[Date "1996.??.??"]
[Round "?"]
[White "Skidmore, Jennifer"]
[Black "Raupp, Sarah"]
[Result "1-0"]
[WhiteElo "1900"]
[BlackElo "1605"]
[PlyCount "63"]
[EventDate "1996.??.??"]

{2/(1)} 1. e4 e6 2. d4 d5 3. exd5 exd5 4. Bd3 Bd6 5. c3 Ne7 6. Nf3 Bf5 7. O-O
O-O 8. Bg5 Bxd3 9. Qxd3 Qd7 10. Nbd2 Nbc6 11. Rae1 Rae8 12. Bh4 f6 13. b3 Nf5
14. Bg3 Nxg3 15. hxg3 Ne7 16. c4 Bb4 17. Re2 f5 18. Ne5 Qd6 19. c5 Qh6 20. Nb1
Rf6 21. Qb5 Bxc5 22. Qxe8+ Rf8 23. Qxf8+ Kxf8 24. Nd7+ Ke8 25. Nxc5 b6 26. Ne6
c6 27. Rfe1 Kd7 28. Nf4 Qf6 29. Re5 g5 30. Nh5 Qh8 31. Rxe7+ Kd6 32. R1e6# 1-0

[Event "Detroit (MI Action/2/3)"]
[Site "?"]
[Date "1996.??.??"]
[Round "?"]
[White "Skidmore, Jennifer"]
[Black "McNeil, Yaking"]
[Result "1-0"]
[WhiteElo "1900"]
[BlackElo "1605"]
[PlyCount "68"]
[EventDate "1996.??.??"]

{2/(3)} 1. e4 c5 2. Nc3 Nc6 3. f4 d6 4. Bb5 g6 5. Nf3 Bg7 6. O-O Bd7 7. Bxc6
Bxc6 8. d3 b5 9. Ne2 Nf6 10. Ng3 h5 11. Nh4 Ng4 12. h3 Bd4+ 13. Kh1 Nf2+ 14.
Rxf2 Bxf2 15. Kh2 e6 16. Nf3 Qe7 17. b3 f5 18. Bb2 Rg8 19. Nh1 Be3 20. g3 fxe4
21. dxe4 Bxe4 22. Ng5 Bf5 23. Qf3 O-O-O 24. Qxe3 Bxc2 25. Rc1 Bf5 26. Nf2 Rd7
27. Nfe4 Rf8 28. Qe2 a6 29. a4 Rb7 30. Qd2 Rb6 31. axb5 axb5 32. b4 c4 33. Bd4
Rc6 34. Ra1 Qb7 {[Remainder unavailable]} 1-0

[Event "Kalamazoo (MI Am/5/7)"]
[Site "?"]
[Date "1996.??.??"]
[Round "?"]
[White "Skidmore, Jennifer"]
[Black "Martell, Raul"]
[Result "1/2-1/2"]
[WhiteElo "1905"]
[BlackElo "1605"]
[PlyCount "51"]
[EventDate "1996.??.??"]

{5/(7)} 1. e4 e5 2. f4 d6 3. Bc4 exf4 4. Nf3 Bg4 5. O-O Nd7 6. d4 h6 7. Bxf4
Nb6 8. Bb3 Qd7 9. c4 g5 10. Bg3 Bg7 11. Qd3 O-O-O 12. Nc3 f5 13. exf5 Bxf5 14.
Qd2 Nf6 15. c5 dxc5 16. Ne5 Ne4 17. Nxd7 Nxd2 18. Nxb6+ axb6 19. Rxf5 Bxd4+ 20.
Kh1 Rhe8 21. Nb5 Bxb2 22. Rg1 Re7 23. h3 Nxb3 24. axb3 Rd3 25. Rf8+ Kd7 26.
Nxc7 {[Remainder illegible; 1/2-1/2, 37?]} 1/2-1/2

[Event "Detroit (MI Women/4/2)"]
[Site "?"]
[Date "1996.??.??"]
[Round "?"]
[White "Skidmore, Jennifer"]
[Black "Jackson, Katrina"]
[Result "1-0"]
[WhiteElo "1900"]
[BlackElo "1605"]
[PlyCount "96"]
[EventDate "1996.??.??"]

{4/(2)} 1. e4 e6 2. d4 d5 3. exd5 exd5 4. Bd3 Nc6 5. c3 Nf6 6. Bg5 Be7 7. Ne2
O-O 8. O-O Re8 9. Nd2 Ng4 10. Bxe7 Nxe7 11. h3 Nf6 12. Ng3 b6 13. Nf3 c5 14.
Ne5 cxd4 15. cxd4 Bb7 16. Rc1 Rc8 17. Qf3 Nc6 18. Ng4 Nxd4 19. Qf4 Ne6 20. Qf5
Nd4 21. Nxf6+ Qxf6 22. Qxh7+ Kf8 23. Nh5 Qh6 24. Qxh6 gxh6 25. Nf6 Ne2+ 26.
Bxe2 Rxe2 27. Rxc8+ Bxc8 28. Nxd5 Rxb2 29. Ra1 Be6 30. Nc3 b5 31. a3 a5 32. Kf1
b4 33. Na4 Rb3 34. axb4 axb4 35. Nc5 Bc4+ 36. Kg1 Ra3 37. Rc1 Bd5 38. Kh2 b3
39. Rb1 Ra2 40. Kg3 b2 41. Nd3 Ra3 42. Rxb2 Rxd3+ 43. f3 f6 44. Kh4 Kg7 45. Rb4
Kg6 46. Rg4+ Kf5 47. Kh5 Bxf3 48. gxf3 Rxf3 1-0

[Event "Kalamazoo (MI Am/2/2)"]
[Site "?"]
[Date "1996.??.??"]
[Round "?"]
[White "Skidmore, Jennifer"]
[Black "Grzegorczyk, Ron"]
[Result "1-0"]
[WhiteElo "1905"]
[BlackElo "1680"]
[PlyCount "37"]
[EventDate "1996.??.??"]

{2/(2)} 1. e4 c5 2. Nc3 Nc6 3. f4 e6 4. Nf3 d6 5. Bb5 Nge7 6. O-O a6 7. Bxc6+
Nxc6 8. d3 Be7 9. Ne2 O-O 10. c3 f5 11. Ng3 Kh8 12. Be3 d5 13. exd5 exd5 14. d4
cxd4 15. Nxd4 Nxd4 16. Bxd4 Bf6 17. Nh5 Be6 18. Re1 Bxd4+ 19. Qxd4 1-0

[Event "Detroit (MI Action/6/3)"]
[Site "?"]
[Date "1996.??.??"]
[Round "?"]
[White "Skidmore, Jennifer"]
[Black "Brown, W."]
[Result "1-0"]
[WhiteElo "1900"]
[BlackElo "1605"]
[PlyCount "69"]
[EventDate "1996.??.??"]

{6/(3)} 1. e4 e5 2. Nf3 Nc6 3. Nc3 a6 4. Bc4 Be7 5. O-O Nf6 6. b3 O-O 7. Bb2 h6
8. d3 d6 9. Ne2 Bg4 10. Ng3 Na5 11. b4 Nxc4 12. dxc4 c6 13. h3 Be6 14. Qe2 Qb6
15. a3 a5 16. c3 a4 17. c5 dxc5 18. Nxe5 cxb4 19. cxb4 Bd6 20. Nd3 Bxg3 21. Nc5
Bc7 22. Bxf6 gxf6 23. Qh5 Kg7 24. Kh1 Rh8 25. f4 Bd6 26. Nxe6+ fxe6 27. e5 Be7
28. Rf3 Kf8 29. f5 Qd4 30. Re1 Qd5 31. exf6 Bxf6 32. Qg6 Qd4 33. fxe6 Ke7 34.
Qf7+ Kd6 35. Qd7# 1-0

[Event "Detroit (MI Action/4/2)"]
[Site "?"]
[Date "1996.??.??"]
[Round "?"]
[White "Skidmore, Jennifer"]
[Black "Aldrich, Justin"]
[Result "1-0"]
[WhiteElo "1900"]
[BlackElo "1605"]
[PlyCount "66"]
[EventDate "1996.??.??"]

{4/(2)} 1. e4 e5 2. Nf3 d6 3. Nc3 Nf6 4. Bc4 Be7 5. O-O Bg4 6. h3 Bh5 7. d3 Nc6
8. Be3 O-O 9. Nd5 Nxd5 10. Bxd5 Rb8 11. c3 Bxf3 12. Qxf3 Bg5 13. Rab1 Qf6 14.
Qe2 Ne7 15. Bb3 Ng6 16. Bxa7 Nf4 17. Qd1 Rbc8 18. Be3 Ng6 19. Qd2 h6 20. d4 c6
21. g3 Rce8 22. Bc2 Re6 23. f4 exf4 24. gxf4 Bh4 25. f5 Re7 26. fxg6 Qxg6+ 27.
Qg2 Qh7 28. e5 g6 29. Qg4 Bg5 30. Bxg5 hxg5 31. Rbe1 Rfe8 32. Kg2 dxe5 33. Qxg5
e4 {[Remainder unavailable]} 1-0

[Event "Detroit (MI Action/3/19)"]
[Site "?"]
[Date "1996.??.??"]
[Round "?"]
[White "Sims, Chris"]
[Black "Valdivia, Alex"]
[Result "1-0"]
[WhiteElo "1605"]
[BlackElo "1605"]
[PlyCount "91"]
[EventDate "1996.??.??"]

{3/(19)} 1. e4 e5 2. Nf3 Nc6 3. Bb5 Nf6 4. O-O d5 5. Nxe5 Bd6 6. Nxc6 Bxh2+ 7.
Kxh2 Ng4+ 8. Kg1 Qh4 9. Ne5+ c6 10. Nxg4 Bxg4 11. Be2 h5 12. exd5 Rh6 13. Re1
O-O-O 14. d4 Rg6 15. Nd2 Bh3 16. Bf3 Qg5 17. Re5 Qf4 18. Ne4 Qxf3 19. Qxf3
Rxg2+ 20. Qxg2 Bxg2 21. Kxg2 cxd5 22. Nc3 Rd6 23. Nxd5 Rg6+ 24. Rg5 Rxg5+ 25.
Bxg5 Kd7 26. Re1 f6 27. Nxf6+ gxf6 28. Bxf6 Kd6 29. c4 b6 30. b4 a6 31. a4 b5
32. cxb5 axb5 33. a5 Kc7 34. d5 h4 35. Be7 h3+ 36. Kxh3 Kc8 37. d6 Kd7 38. Re5
Ke8 39. Rxb5 Kd7 40. Rb7+ Kc8 41. Rc7+ Kb8 42. b5 Ka8 43. b6 Kb8 44. a6 Ka8 45.
d7 Kb8 46. d8=Q# 1-0

[Event "Detroit (MI Action/1/3)"]
[Site "?"]
[Date "1996.??.??"]
[Round "?"]
[White "Sims, Chris"]
[Black "Skidmore, Jennifer"]
[Result "0-1"]
[WhiteElo "1605"]
[BlackElo "1900"]
[PlyCount "57"]
[EventDate "1996.??.??"]

{1/(3)} 1. e4 e5 2. Nf3 Nc6 3. Bb5 d6 4. h3 Bd7 5. c3 Nf6 6. d3 Be7 7. O-O O-O
8. Bg5 a6 9. Ba4 Qc8 10. Nh2 b5 11. Bc2 Nd8 12. d4 Ne6 13. Bxf6 Bxf6 14. Ng4
Be7 15. dxe5 Nf4 16. exd6 Bxd6 17. Re1 h5 18. e5 Bc5 19. b4 Bb6 20. Qf3 Ne6 21.
Qe4 Ng5 22. Qd3 hxg4 23. h4 Nh3+ 24. gxh3 g6 25. h5 Bf5 26. Qe2 gxh3 27. Bxf5
Qxf5 28. e6 Qg5+ 29. Kh1 0-1

[Event "Flint (MI Jr/1/21)"]
[Site "?"]
[Date "1996.??.??"]
[Round "?"]
[White "Simmons, M."]
[Black "Joyce, R."]
[Result "0-1"]
[WhiteElo "1605"]
[BlackElo "1605"]
[PlyCount "42"]
[EventDate "1996.??.??"]

{1/(21)} 1. e4 c6 2. Bc4 d5 3. exd5 cxd5 4. Bb5+ Nd7 5. Qf3 Ngf6 6. Ne2 Qb6 7.
Ba4 e6 8. Bxd7+ Bxd7 9. Nbc3 Bd6 10. b3 O-O 11. Na4 Bxa4 12. bxa4 Qc6 13. Nc3
Be5 14. Bb2 Bxc3 15. Bxc3 Ne4 16. Bd4 Qxc2 17. O-O Qxa4 18. Bb2 Nxd2 19. Qg3 f6
20. Bc1 Nxf1 21. Kxf1 Qd1# 0-1